Derechos humanos y psiquiatría. = Human rights and spychiatry /
Spremljeno u:
| Glavni autor: | |
|---|---|
| Format: | Tekst |
| Teme: | |
| Oznake: |
Dodaj oznaku
Bez oznaka, Budi prvi tko označuje ovaj zapis!
|
MARC
| LEADER | 00000 a a2200000 04500 | ||
|---|---|---|---|
| 001 | 2455 | ||
| 003 | |||
| 040 | |||
| 100 | |a Nucette Ríos, Eligio | ||
| 245 | |a Derechos humanos y psiquiatría. = |b Human rights and spychiatry / |c Eligio Nucette Ríos | ||
| 500 | |a Resumen también en inglés | ||
| 650 | |a PSIQUIATRIA | ||
| 650 | |a TORTURA | ||
| 650 | |a DICTADURA | ||
| 650 | |a ETICA | ||
| 650 | |a DERECHOS HUMANOS | ||
| 650 | |a SALUD MENTAL | ||
| 650 | |a VENEZUELA | ||
| 773 | |g volumen 32, número 2; páginas 217-231 | ||
| 999 | |c 23728 |d 23728 | ||
